LEADER 05965nam 2200709Ka 450 001 9910671579903321 005 20220914095706.0 010 $a9781849508667 035 $a(CKB)1000000000357650 035 $a(EBL)298332 035 $a(OCoLC)437182459 035 $a(SSID)ssj0000223457 035 $a(PQKBManifestationID)11173641 035 $a(PQKBTitleCode)TC0000223457 035 $a(PQKBWorkID)10182923 035 $a(PQKB)10384580 035 $a(MiAaPQ)EBC298332 035 $a(UtOrBLW)bslw06328745 035 $a(EXLCZ)991000000000357650 100 $a20101115d2007 uy 0 101 0 $aeng 135 $aurun||||||||| 181 $ctxt 182 $cc 183 $acr 200 04$aThe political economy of antitrust$b[recurso electrónico] /$fedited by Johan Stennek 205 $a1st ed. 210 $aAmsterdam ;$aBoston $cElsevier$d2007 215 $a1 online resource (507 p.) 225 1 $aContributions to economic analysis,$x0573-8555 ;$vv. 282 300 $aIncludes index. 311 1 $a1-281-02158-X 311 1 $a9786611021580 311 1 $a9780444530936 311 1 $a1-84950-866-6 311 1 $a0-08-052292-0 311 1 $a0-444-53093-2 320 $aIncludes bibliographical references and index. 327 $aIssues in antitrust enforcement / Johan Stennek -- Instruments for cartel deterrence, and conflicts of interests / Cécile Aubert -- Lessons for competition policy from the vitamins cartel / Matthew E. Raiff -- Effectiveness of antitrust sanctions on modern international cartels / John M. Connor -- The economics of tacit collusion : implications for merger control / Jean Tirole -- The economics and politics of international merger enforcement : a case study of the GE/Honeywell merger / Jay Pil Choi -- Remembrance of things past : antitrust, ideology, and the development of industrial economics / Stephen Martin -- The political economy of EU merger control : small vs. large member states / Johan Stennek -- A consumer surplus defense in merger control / Sven-Olof Fridolfsson -- EU merger remedies : an empirical assessment / Burcin Yurtoglu -- The significant impediment of effective competition test in the new European merger regulation : in theory and practice / Marc Ivaldi -- Vertical restraints and the effects of upstream horizontal mergers / Gregory J. Werden -- Political stabilization by an independent regulator / David Martimort -- Saving section 2 : reframing U.S. monopolization law / Timothy J. Brennan -- Private antitrust litigation : procompetitive or anticompetitive? / Sue H. Mialon -- Antitrust in open economies / Henrik Horn -- The impact of the corporate leniency program on cartel formation and the cartel price path / Joseph E. Harrington Jr -- Optimal fines in the era of whistleblowers : should price fixers still go to prison? / Giancarlo Spagnolo. 330 $aMotivated by recent events and experiences in antitrust enforcement and policy in the United States and the European Union, and new insights and findings from academic research, this book presents a collection of theoretical, empirical and public policy-oriented articles representing recent research on the political-economy of antitrust. Political-economy is defined broadly to include the demand-side drivers of antitrust activity such as market failures and interest-groups, along with supply-side drivers including ideology and partisan politics as well as the importance of informational limitations in antitrust enforcement and the institutional structure of the antitrust agencies. Examining issues related to the political-economy of antitrust is important as antitrust policy and enforcement provide a key mechanism for preserving the competitiveness of markets, with implications for innovation, efficiency, growth and welfare. This book brings together contributions by leading academic researchers in the areas of political-economy, cartels, merger and non-merger enforcement, as well as economists working with antitrust authorities in the U.S. and E.U., to make a timely contribution for researchers and practitioners. The chapters in this volume cover the full range of topics: enforcement of cartels; merger control; monopolization and abuse of dominance; and systemic issues in antitrust enforcement and policy. Since the last few years have seen significant changes in both the U.S. and E.U. in the attitudes towards cartels, the book places emphasis on antitrust enforcement of cartels, including topics such as the corporate leniency programs that have recently been introduced in the U.S. and E.U., optimal deterrence mechanisms against cartels and detection of cartels. While the individual chapters of the book make independent contributions and may be read separately, the book brings together articles from various sub-areas to present a more encompassing picture. The first chapter provides an overview of some of the trends and recent research in antitrust enforcement and policy and highlights the contributions made by the chapters in this volume. 410 0$aContributions to economic analysis ;$vv. 282. 606 $aBusiness & Economics$xEconomics$xComparative$2bisacsh 606 $aBusiness & Economics$xInternational$xEconomics$2bisacsh 606 $aIndustry & industrial studies$2bicssc 606 $aPolitical economy$2bicssc 606 $aEconomics 606 $aAntitrust law 615 7$aBusiness & Economics$xEconomics$xComparative. 615 7$aBusiness & Economics$xInternational$xEconomics. 615 7$aIndustry & industrial studies. 615 7$aPolitical economy. 615 0$aEconomics. 615 0$aAntitrust law. 676 $a338.6048 701 $aGhosal$b Vivek$01200034 701 $aStennek$b Johan$01337232 801 0$bUtOrBLW 801 1$bUtOrBLW 906 $aBOOK 912 $a9910671579903321 996 $aThe political economy of antitrust$93056293 997 $aUNINA LEADER 03499oam 2200553K 450 001 9910150340803321 005 20240501155444.0 010 $a1-138-38542-5 010 $a1-315-72561-4 024 7 $a10.4324/9781315725611 035 $a(CKB)3710000000932811 035 $a(MiAaPQ)EBC4741217 035 $a970388284 035 $a(OCoLC)962752599 035 $a(OCoLC-P)962752599 035 $a(FlBoTFG)9781315725611 035 $a(EXLCZ)993710000000932811 100 $a20161116d2016 uy 0 101 0 $aeng 135 $aurcnu---unuuu 181 $2rdacontent 182 $2rdamedia 183 $2rdacarrier 200 00$aReligion and media in China $einsights and case studies from the mainland, Taiwan, and Hong Kong /$fedited by Stefania Travagnin 205 $a1st ed. 210 1$aNew York :$cRoutledge,$d2016. 215 $a1 online resource (318 pages) $cillustrations, tables 225 1 $aRoutledge Research in Religion, Media and Culture ;$v7 311 08$a1-138-84939-1 311 08$a1-317-53452-2 320 $aIncludes bibliographical references at the end of each chapters and index. 327 $apt. 1. Media translations of religion in China : history, concepts and methods -- pt. 2. Religious media and religion in secular media : case studies from mainland China, Hong Kong and Taiwan. 330 $aThis volume focuses on the intersection of religion and media in China, bringing interdisciplinary approaches to bear on the role of religion in the lives of individuals and greater shifts within Chinese society in an increasingly media-saturated environment. With case studies focusing on Mainland China (including Tibet), Hong Kong and Taiwan, as well as diasporic Chinese communities outside Asia, contributors consider topics including the historical and ideological roots of media representations of religion, expressions of religious faith online and in social media, state intervention (through both censorship and propaganda), religious institutions' and communities' use of various forms of media, and the role of the media in relations between online/offline and local/diaspora communities. Chapters engage with the major religious traditions practiced in contemporary China, namely Buddhism, Daoism, Confucianism, Christianity, Islam, and new religious movements. Religion and the Media in China serves as a critical survey of case studies and suggests theoretical and methodological tools for a thorough and systematic study of religion in modern China. Contributors to the volume include historians of religion, sinologists, sociologists, political scientists, anthropologists, and media and communication scholars. The critical theories that contributors develop around key concepts in religion--such as authority, community, church, ethics, pilgrimage, ritual, text, and practice--contribute to advancing the emerging field of religion and media studies. 410 0$aRoutledge research in religion, media and culture ;$v7. 606 $aMass media$xReligious aspects 606 $aMass media$zChina 607 $aChina$xReligion$y20th century 607 $aChina$xReligion$y21st century 615 0$aMass media$xReligious aspects. 615 0$aMass media 676 $a200.951/0904 676 $a201.70951 702 $aTravagnin$b Stefania 801 0$bOCoLC-P 801 1$bOCoLC-P 906 $aBOOK 912 $a9910150340803321 996 $aReligion and media in China$92002066 997 $aUNINA